Statistics for April 23rd: Birthdays

Click here to take the quiz!

General Stats

  • This quiz has been taken 7 times
  • The average score is 4 of 11

Answer Stats

YearClueAnswer% Correct
1564Playwright of Romeo and JulietShakespeare
83%
1977Pro WrestlerJohn Cena
67%
1968Oklahoma City bomberTimothy McVeigh
50%
1954Director of Bowling for ColumbineMichael Moore
33%
1928Actress in HeidiShirley Temple
33%
2000Olympic Gold in Snowboarding 2018Chloe Kim
17%
1791US PresidentJames Buchanan
17%
1775Painted Steam and SpeedJ. M. W. Turner
17%
1977TV Show HostJohn Oliver
17%
1977Actor in The NamesakeKal Penn
17%
1897Canadian Prime Minister/Nobel Peace Prize winnerLester Pearson
17%

Score Distribution

Percentile by Number Answered

Percent of People with Each Score

Your Score History

You have not taken this quiz